Welcome to CU Library Online Public Access Catalogue (OPAC)

Principles and Practices of Bridge Engineering (Record no. 8367)

MARC details
000 -LEADER
fixed length control field 00396nam a22001337a 4500
005 - DATE AND TIME OF LATEST TRANSACTION
control field 20251122183930.0
008 - FIXED-LENGTH DATA ELEMENTS--GENERAL INFORMATION
fixed length control field 251122b |||||||| |||| 00| 0 eng d
050 ## - LIBRARY OF CONGRESS CALL NUMBER
Classification number TG147 BIN
100 ## - MAIN ENTRY--PERSONAL NAME
Personal name Bindra, S. P.
245 ## - TITLE STATEMENT
Title Principles and Practices of Bridge Engineering
Statement of responsibility, etc. S. P. Bindra
260 ## - PUBLICATION, DISTRIBUTION, ETC.
Place of publication, distribution, etc. New Delhi
Name of publisher, distributor, etc. Dhanpat Rai Publications
Date of publication, distribution, etc. 2008
300 ## - PHYSICAL DESCRIPTION
Extent viii. 489p.
Other physical details ill.
Dimensions 21.5cm
942 ## - ADDED ENTRY ELEMENTS (KOHA)
Source of classification or shelving scheme Library of Congress Classification
Koha item type Books
Suppress in OPAC No
999 ## -
-- 8367
-- 8367
Holdings
Withdrawn status Lost status Source of classification or shelving scheme Damaged status Not for loan Collection Home library Current library Shelving location Date acquired Total checkouts Full call number Barcode Date last seen Copy number Price effective from Koha item type
    Library of Congress Classification     Non-fiction Science Library (Miotso) Science Library (Miotso) General stacks 11/22/2025   TG147 BIN SLM00006125 11/22/2025 1 11/22/2025 Books
    Library of Congress Classification     Non-fiction Science Library (Miotso) Science Library (Miotso) General stacks 11/22/2025   TG147 BIN SLM00006126 11/22/2025 2 11/22/2025 Books
    Library of Congress Classification     Non-fiction Science Library (Miotso) Science Library (Miotso) General stacks 11/22/2025   TG147 BIN SLM00006127 11/22/2025 3 11/22/2025 Books
    Library of Congress Classification     Non-fiction Science Library (Miotso) Science Library (Miotso) General stacks 11/22/2025   TG147 BIN SLM00006128 11/22/2025 4 11/22/2025 Books
    Library of Congress Classification     Non-fiction Science Library (Miotso) Science Library (Miotso) General stacks 11/22/2025   TG147 BIN SLM00006129 11/22/2025 5 11/22/2025 Books
© 2023-2024 Copyright: Central University Libraries. All Rights Reserved | Created by: Mahone Tech Office